[Event "Perce-Neige"]
[Site "Montreal CAN"]
[Date "2022.04.10"]
[Round "4.2"]
[White "Forget, Luc"]
[Black "Tsukerman, Julia"]
[Result "0-1"]
[WhiteElo "1945"]
[BlackElo "1932"]
[PlyCount "65"]
[EventDate "2022.04.09"]
[EventType "swiss"]
[EventRounds "4"]
[EventCountry "CAN"]

1. d4 d5 2. c4 e6 3. Nc3 Nf6 4. Nf3 Be7 5. g3 O-O 6. Bg2 dxc4 7. O-O a6 8. a4
Bd7 9. Ne5 Bc6 10. Nxc6 Nxc6 11. Bxc6 bxc6 12. a5 Rb8 13. e3 c5 14. dxc5 Bxc5
15. Qf3 Qe7 16. Rd1 Rfd8 17. Rxd8+ Qxd8 18. Kg2 Nd5 19. Ne4 Bb4 20. Qe2 c3 21.
Qxa6 Ra8 22. Qc4 cxb2 23. Bxb2 Rxa5 24. Rxa5 Bxa5 25. Qd4 Qf8 26. Qe5 Bb6 27.
h4 c5 28. Ng5 h6 29. Nf3 Bd8 30. Qe4 Bf6 31. Bxf6 Nxf6 32. g4 g6 33. g5 0-1

[Event "Perce-Neige"]
[Site "Montreal CAN"]
[Date "2022.04.10"]
[Round "4.3"]
[White "Couture-Harpin, Nicolas"]
[Black "Avarian, Aram Sevag"]
[Result "1-0"]
[WhiteElo "1649"]
[BlackElo "1663"]
[PlyCount "67"]
[EventDate "2022.04.09"]
[EventType "swiss"]
[EventRounds "4"]
[EventCountry "CAN"]

1. Nf3 c5 2. g3 d5 3. Bg2 Nc6 4. d4 cxd4 5. Nxd4 Nf6 6. O-O g6 7. c4 Bg7 8. Nc3
Nxd4 9. Qxd4 dxc4 10. Qxd8+ Kxd8 11. Bf4 a6 12. Rfd1+ Ke8 13. Na4 Nd7 14. Bc7
e6 15. Rac1 Ra7 16. Bb6 Nxb6 17. Nxb6 c3 18. Nxc8 cxb2 19. Rc7 Be5 20. Nd6+
Bxd6 21. Rc8+ Ke7 22. Rxh8 b5 23. Rc8 Be5 24. Be4 b4 25. Ra8 Rc7 26. Rxa6 Rc1
27. Rf1 Bc3 28. a4 Be1 29. Rb6 b1=Q 30. Bxb1 Rxb1 31. a5 b3 32. a6 b2 33. a7
Ra1 34. Rxb2 1-0

[Event "Perce-Neige"]
[Site "Montreal CAN"]
[Date "2022.04.10"]
[Round "4.4"]
[White "Cote, Etienne"]
[Black "Jacquet, Stephane"]
[Result "0-1"]
[WhiteElo "1819"]
[BlackElo "1992"]
[PlyCount "142"]
[EventDate "2022.04.09"]
[EventType "swiss"]
[EventRounds "4"]
[EventCountry "CAN"]

1. e4 d6 2. d4 g6 3. f4 Bg7 4. Nf3 c5 5. Nc3 cxd4 6. Nxd4 Nc6 7. Be3 Nf6 8. Be2
O-O 9. g4 Nxd4 10. Bxd4 Qa5 11. Bf3 e5 12. fxe5 dxe5 13. Be3 Be6 14. g5 Rad8
15. Qe2 Nh5 16. Bxh5 gxh5 17. Qxh5 Qb4 18. O-O Qxb2 19. Ne2 Qxc2 20. Ng3 Rd3
21. Rf3 Rfd8 22. Bxa7 Rd1+ 23. Rf1 Rxa1 24. Rxa1 Rd2 25. Qf3 b6 26. Nh5 Rxh2
27. Nxg7 Rh3 28. Qf2 Rh1+ 29. Kxh1 Qxf2 30. Nxe6 fxe6 31. a4 Qf3+ 32. Kg1 Qe3+
33. Kh2 Qd2+ 34. Kh1 Qc3 35. Rb1 Qf3+ 36. Kg1 Qe3+ 37. Kh2 Qf2+ 38. Kh3 Qf3+
39. Kh2 Qh5+ 40. Kg1 Qxg5+ 41. Kh2 Qf4+ 42. Kg1 Qe3+ 43. Kh2 Qd2+ 44. Kg1 Qd4+
45. Kh2 Qxe4 46. Rxb6 Qxa4 47. Rb8+ Kf7 48. Bf2 h5 49. Rb1 Qf4+ 50. Bg3 Qd2+
51. Kh3 e4 52. Rf1+ Kg6 53. Rg1 Kh7 54. Rf1 e3 55. Re1 e5 56. Kh4 Kh6 57. Rb1
Qd4+ 58. Kh3 Qg4+ 59. Kh2 e4 60. Rb6+ Kg7 61. Rb7+ Kf6 62. Rb6+ Ke7 63. Rb4 e2
64. Rb1 Qf3 65. Re1 Ke6 66. Rb1 Qf1 67. Be1 Kf5 68. Kg3 Qf3+ 69. Kh2 Kg4 70.
Bd2 Qf2+ 71. Kh1 Qf1+ 0-1

[Event "Perce-Neige"]
[Site "Montreal CAN"]
[Date "2022.04.10"]
[Round "4.5"]
[White "Gauthier, Luc"]
[Black "Wang, Rachel"]
[Result "0-1"]
[WhiteElo "1672"]
[BlackElo "1813"]
[PlyCount "42"]
[EventDate "2022.04.09"]
[EventType "swiss"]
[EventRounds "4"]
[EventCountry "CAN"]

1. e4 c5 2. Nc3 Nc6 3. f4 e6 4. Nf3 d6 5. g3 g6 6. Bg2 Bg7 7. d3 Nge7 8. O-O
O-O 9. Be3 Nd4 10. e5 Nef5 11. Bf2 Nxf3+ 12. Qxf3 Nd4 13. Qd1 dxe5 14. fxe5 Rb8
15. Ne4 b6 16. c3 Nf5 17. g4 Nh4 18. Nf6+ Bxf6 19. exf6 Nxg2 20. Kxg2 Bb7+ 21.
Kg1 Qd5 0-1

[Event "Perce-Neige"]
[Site "Montreal CAN"]
[Date "2022.04.10"]
[Round "4.6"]
[White "Joanis, Marc-Andre"]
[Black "Duplessis, Claude"]
[Result "1-0"]
[WhiteElo "1789"]
[BlackElo "1512"]
[PlyCount "53"]
[EventDate "2022.04.09"]
[EventType "swiss"]
[EventRounds "4"]
[EventCountry "CAN"]

1. Nf3 d5 2. c4 dxc4 3. Na3 e6 4. Nxc4 Nf6 5. g3 b5 6. Nce5 Bb7 7. Bg2 Nbd7 8.
Nxf7 Bxf3 9. Nxd8 Bxg2 10. Nxe6 Bxh1 11. Nxc7+ Kf7 12. Nxa8 Bxa8 13. Qb3+ Bd5
14. Qxb5 Bc5 15. d4 Bxd4 16. Bf4 Rc8 17. Rc1 Rxc1+ 18. Bxc1 Ne5 19. f3 Bb6 20.
Bg5 Ned7 21. a4 h6 22. Bxf6 Nxf6 23. e4 Be6 24. a5 Bd7 25. Qc4+ Be6 26. axb6
Bxc4 27. bxa7 1-0

[Event "Pere Noel U1400"]
[Site "Montreal CAN"]
[Date "2022.12.28"]
[Round "3.41"]
[White "Yuen, Lok"]
[Black "Dion, Yves"]
[Result "1-0"]
[WhiteElo "1024"]
[BlackElo "1325"]
[PlyCount "137"]
[EventDate "2022.12.27"]
[EventType "swiss"]
[EventRounds "5"]
[EventCountry "CAN"]

1. e4 d6 2. d4 Nf6 3. Bd3 g6 4. Nf3 Bg7 5. O-O O-O 6. h3 c6 7. c4 Nbd7 8. Nc3
e5 9. d5 Nc5 10. Be3 Nxd3 11. Qxd3 c5 12. Nd2 Nh5 13. Ne2 f5 14. exf5 Bxf5 15.
Qb3 Qd7 16. Kh2 Nf6 17. f3 h5 18. Ng3 Nh7 19. Nxf5 Rxf5 20. Qc2 Raf8 21. Rf2 h4
22. Ne4 Nf6 23. Raf1 Nh5 24. Qd2 Ng3 25. Nxg3 hxg3+ 26. Kxg3 Bf6 27. Kh2 Bh4
28. Re2 Qf7 29. Bf2 Bg5 30. Be3 Bf4+ 31. Bxf4 Rxf4 32. b3 Qf6 33. Rfe1 Rf7 34.
Re4 g5 35. Rxf4 gxf4 36. Qf2 Rg7 37. Rb1 Qf5 38. Rb2 Rg3 39. Qc2 Qf6 40. Qe4
Rg7 41. a3 a5 42. Ra2 Qg5 43. Qe2 Qf5 44. Qe4 Qg5 45. Rb2 Qg3+ 46. Kh1 Qg5 47.
Qe1 Kh7 48. Qxa5 Kh6 49. Qe1 b6 50. b4 Ra7 51. bxc5 bxc5 52. Rb6 Rxa3 53. Rxd6+
Kh5 54. Rb6 Ra2 55. Qf1 Rc2 56. Rb8 Qg7 57. Rb1 Qg6 58. Rd1 Qd6 59. Qd3 Ra2 60.
Qf5+ Kh6 61. Re1 Ra6 62. Qxe5 Qxe5 63. Rxe5 Rd6 64. Rf5 Ra6 65. Rxf4 Kg5 66.
Rg4+ Kf5 67. Kh2 Rh6 68. Kg3 Rd6 69. h4 1-0

[Event "Pere Noel U1400"]
[Site "Montreal CAN"]
[Date "2022.12.28"]
[Round "3.44"]
[White "Wu, Ting En Ryan"]
[Black "Zhang, Anyu"]
[Result "1-0"]
[WhiteElo "1126"]
[BlackElo "1047"]
[PlyCount "105"]
[EventDate "2022.12.27"]
[EventType "swiss"]
[EventRounds "5"]
[EventCountry "CAN"]

1. e4 e5 2. Nf3 Nc6 3. Bc4 Bc5 4. c3 Nf6 5. d3 d5 6. exd5 Nxd5 7. Qb3 Nb6 8.
Bxf7+ Kf8 9. O-O h6 10. Bg6 Qe7 11. Be3 Bxe3 12. fxe3 Be6 13. Ng5+ Kg8 14.
Qxe6+ Qxe6 15. Nxe6 Nd7 16. Bf7+ Kh7 17. Rf3 g6 18. Nd2 Nd8 19. Nxd8 Raxd8 20.
Be6 Rhf8 21. Raf1 Rxf3 22. Rxf3 Nc5 23. Bc4 h5 24. Rf7+ Kh6 25. Rxc7 Nxd3 26.
Bxd3 Rxd3 27. Nc4 Rd1+ 28. Kf2 Rd5 29. Rxb7 Rc5 30. Rb4 a5 31. Ra4 Kg5 32. Nxa5
Rb5 33. Nb3 e4 34. Rxe4 Rf5+ 35. Rf4 Rxf4+ 36. exf4+ Kxf4 37. Nd2 Ke5 38. Ke3
Kd6 39. Kf4 g5+ 40. Kxg5 Kc5 41. Kxh5 Kd5 42. g4 Ke6 43. g5 Kf7 44. Kh6 Kg8 45.
Kg6 Kh8 46. Kf7 Kh7 47. Nc4 Kh8 48. Ne3 Kh7 49. g6+ Kh8 50. g7+ Kh7 51. g8=Q+
Kh6 52. Qg4 Kh7 53. Qg7# 1-0

[Event "Pere Noel U1400"]
[Site "Montreal CAN"]
[Date "2022.12.28"]
[Round "3.45"]
[White "Dauphinais, Sophie"]
[Black "Chira, Dan"]
[Result "1-0"]
[WhiteElo "1342"]
[BlackElo "1355"]
[PlyCount "89"]
[EventDate "2022.12.27"]
[EventType "swiss"]
[EventRounds "5"]
[EventCountry "CAN"]

1. e4 e5 2. Nf3 Nc6 3. Bc4 Nf6 4. d3 h6 5. h3 Bc5 6. O-O d6 7. c3 a6 8. a4 O-O
9. b4 Ba7 10. Re1 Qe7 11. Nbd2 Be6 12. Qb3 Bxc4 13. Nxc4 b5 14. Ne3 Bxe3 15.
Bxe3 Qd7 16. Nd2 Qe6 17. Qc2 Ne7 18. Ra3 Rfb8 19. axb5 axb5 20. Rea1 Rxa3 21.
Rxa3 c6 22. d4 Ng6 23. f3 Nh5 24. Ra6 Rc8 25. c4 Nhf4 26. dxe5 dxe5 27. Qa2
bxc4 28. Qxc4 Qxc4 29. Nxc4 Nd3 30. Bd2 f6 31. g3 Ne7 32. Ra3 Rd8 33. Ra7 Kf7
34. Kf1 c5 35. b5 Nb4 36. Be3 Nd3 37. Ke2 Kf8 38. Rc7 Nc8 39. b6 Nxb6 40. Nxb6
Rd6 41. Nd5 c4 42. Rxc4 Nf4+ 43. gxf4 Ra6 44. fxe5 fxe5 45. Rc7 1-0

[Event "Pere Noel U1400"]
[Site "Montreal CAN"]
[Date "2022.12.28"]
[Round "3.46"]
[White "Loevenich, Anna"]
[Black "Nanescu, Marin"]
[Result "0-1"]
[WhiteElo "1131"]
[BlackElo "1328"]
[PlyCount "74"]
[EventDate "2022.12.27"]
[EventType "swiss"]
[EventRounds "5"]
[EventCountry "CAN"]

1. Nf3 Nc6 2. d4 d5 3. g3 Nf6 4. Bg2 Bg4 5. O-O e6 6. c3 Be7 7. b4 b5 8. Bf4
Ne4 9. Qc2 Bf5 10. Nbd2 Nxg3 11. e4 Nxf1 12. exf5 Nxd2 13. Nxd2 Bd6 14. Bxd6
Qxd6 15. fxe6 Qxe6 16. Nf3 O-O 17. Re1 Qg6 18. Qd2 Rfe8 19. h3 Rxe1+ 20. Nxe1
Re8 21. Nd3 Ne7 22. Ne5 Qh6 23. Qd3 c6 24. Nxc6 Qxc6 25. Qf3 Rc8 26. Qg4 Qxc3
27. Qd7 Qc7 28. Qxb5 Kf8 29. Bxd5 Nxd5 30. Qxd5 Rd8 31. Qe4 Qd7 32. Qc2 Qxd4
33. Qc7 g6 34. a3 Re8 35. Qg3 Re1+ 36. Kg2 Qe4+ 37. Qf3 Rg1+ 0-1

[Event "Pere Noel U1400"]
[Site "Montreal CAN"]
[Date "2022.12.28"]
[Round "3.49"]
[White "Pineault, Veronique"]
[Black "Saillant, William"]
[Result "0-1"]
[WhiteElo "1085"]
[BlackElo "1263"]
[PlyCount "46"]
[EventDate "2022.12.27"]
[EventType "swiss"]
[EventRounds "5"]
[EventCountry "CAN"]

1. e4 e5 2. Nf3 Nc6 3. Bc4 Bc5 4. b4 Bxb4 5. c3 Ba5 6. Qb3 Qe7 7. O-O d6 8. d4
h6 9. dxe5 dxe5 10. Ba3 Qf6 11. Rd1 Nge7 12. Bxe7 Qxe7 13. Nbd2 O-O 14. Bd5 Qc5
15. Rac1 Bb6 16. Rf1 Bg4 17. h3 Bh5 18. Bxc6 bxc6 19. g4 Bg6 20. Nc4 Bxe4 21.
Ncxe5 Rae8 22. Nd7 Qd6 23. Rcd1 Qg3+ 0-1

[Event "Pere Noel U1400"]
[Site "Montreal CAN"]
[Date "2022.12.28"]
[Round "3.52"]
[White "Tang-Han, Sean"]
[Black "Hrivnak, Peter"]
[Result "1-0"]
[WhiteElo "1128"]
[BlackElo "1287"]
[PlyCount "101"]
[EventDate "2022.12.27"]
[EventType "swiss"]
[EventRounds "5"]
[EventCountry "CAN"]

1. e4 d6 2. d4 Nf6 3. Nc3 g6 4. Nf3 Bg7 5. Bc4 O-O 6. Bf4 Bg4 7. h3 Bxf3 8.
Qxf3 Nc6 9. O-O-O Nd7 10. Qe3 Nxd4 11. Bh6 Nc6 12. Bxg7 Kxg7 13. h4 Nce5 14.
Bb3 c5 15. h5 Rh8 16. hxg6 hxg6 17. Rh3 Rxh3 18. Qxh3 Qh8 19. Qg3 Qh6+ 20. f4
Nf6 21. Kb1 Neg4 22. e5 Qh5 23. exf6+ Nxf6 24. Qe3 Kf8 25. Re1 Re8 26. Ba4 Ng4
27. Qe2 Nf6 28. Bxe8 Qxe2 29. Rxe2 Kxe8 30. Ne4 Nxe4 31. Rxe4 Kd7 32. Kc1 e6
33. Kd2 Kc6 34. c4 b5 35. cxb5+ Kxb5 36. g4 d5 37. Re5 Kc6 38. f5 gxf5 39. gxf5
Kd6 40. fxe6 fxe6 41. Rh5 e5 42. Rh6+ Kc7 43. Ra6 e4 44. Rxa7+ Kd6 45. Rh7 d4
46. b3 Kc6 47. a4 Kb6 48. Rh6+ Ka5 49. Rc6 Kb4 50. Rb6+ Ka5 51. Rb5+ 1-0

[Event "Pere Noel U1400"]
[Site "Montreal CAN"]
[Date "2022.12.28"]
[Round "3.53"]
[White "Wu, Hao En Colin"]
[Black "Chanot, Frederic"]
[Result "1-0"]
[WhiteElo "998"]
[BlackElo "1158"]
[PlyCount "99"]
[EventDate "2022.12.27"]
[EventType "swiss"]
[EventRounds "5"]
[EventCountry "CAN"]

1. e4 e5 2. Nf3 Nc6 3. Bc4 Bc5 4. c3 d6 5. d3 Bg4 6. Be3 Bxe3 7. fxe3 Nf6 8.
Nbd2 Qd7 9. h3 Bh5 10. g4 Bg6 11. Qc2 h6 12. O-O-O a6 13. a3 d5 14. Ba2 O-O-O
15. Bb3 Qe6 16. Ba4 Nd7 17. exd5 Qxd5 18. Bb3 Qd6 19. Nc4 Qe7 20. e4 f6 21. d4
exd4 22. cxd4 Qxe4 23. Qxe4 Bxe4 24. Rhf1 b5 25. Ncd2 Bg6 26. Rf2 Rhe8 27. Nf1
Nb6 28. d5 Na5 29. Ba2 Nac4 30. Bxc4 Nxc4 31. Ng3 Bf7 32. Nf5 Rxd5 33. Rxd5
Bxd5 34. Nxg7 Re3 35. Nd2 Nxd2 36. Kxd2 Rxh3 37. Rxf6 Bf3 38. Rxa6 Bxg4 39. Ra7
h5 40. Ne8 h4 41. Rxc7+ Kd8 42. Rg7 Rg3 43. Nf6 Rg2+ 44. Ke3 Re2+ 45. Kf4 Be6
46. Rg6 Rxb2 47. Ne4 Kd7 48. Nc5+ Kd6 49. Nxe6 Rb3 50. Nd4+ 1-0

[Event "Pere Noel U1400"]
[Site "Montreal CAN"]
[Date "2022.12.29"]
[Round "3.54"]
[White "Chelkowski, Jan"]
[Black "Adam, Gabriel"]
[Result "1/2-1/2"]
[WhiteElo "1056"]
[BlackElo "924"]
[PlyCount "87"]
[EventDate "2022.12.27"]
[EventType "swiss"]
[EventRounds "5"]
[EventCountry "CAN"]

1. e4 e5 2. Nf3 Nc6 3. Bc4 d6 4. h3 Be7 5. d3 Nf6 6. Ng5 O-O 7. Nc3 h6 8. Nf3
Nd4 9. Nxd4 exd4 10. Nb5 Bd7 11. Nxd4 c5 12. Nb5 Bxb5 13. Bxb5 Qa5+ 14. Qd2
Qxb5 15. O-O d5 16. e5 Nd7 17. Re1 Rfe8 18. Qf4 Bg5 19. Qg4 Bxc1 20. Rexc1 Nxe5
21. c4 Qxb2 22. Qf5 dxc4 23. dxc4 Nxc4 24. Qxc5 Rac8 25. Qxa7 Nd6 26. Rd1 Ra8
27. Qc5 Red8 28. Qc7 Qe5 29. Rab1 Qe8 30. Rxd6 Rxd6 31. Qxd6 Rxa2 32. Rxb7 Ra8
33. Qe7 Qxe7 34. Rxe7 Ra1+ 35. Kh2 g5 36. Kg3 h5 37. Re5 f6 38. Re6 Kg7 39. h4
Kg6 40. Rd6 Ra3+ 41. f3 g4 42. Kf2 Ra2+ 43. Kg3 Ra4 44. f4 1/2-1/2

[Event "Pere Noel U1800"]
[Site "Montreal CAN"]
[Date "2022.12.27"]
[Round "1.25"]
[White "Deboosere, Adam"]
[Black "Rebhi, Mohamed"]
[Result "1-0"]
[WhiteElo "1750"]
[BlackElo "1424"]
[PlyCount "125"]
[EventDate "2022.12.27"]
[EventType "swiss"]
[EventRounds "5"]
[EventCountry "CAN"]

1. d4 g6 2. c4 Bg7 3. Nf3 Nf6 4. e3 b6 5. Nc3 Bb7 6. Bd3 d6 7. O-O O-O 8. e4
Nbd7 9. h3 h6 10. Bf4 Re8 11. Qd2 g5 12. Be3 Nf8 13. Rad1 Ng6 14. d5 e5 15.
dxe6 Rxe6 16. Nd4 Re7 17. Nf5 Re8 18. f3 Bc8 19. Nxg7 Kxg7 20. Nd5 Nxd5 21.
exd5 f5 22. Bd4+ Kh7 23. Qc2 Qd7 24. Rde1 Rxe1 25. Rxe1 Qf7 26. g4 Nh4 27. Kf2
Bd7 28. b3 Rf8 29. Ba1 h5 30. gxh5 Qxh5 31. Re7+ Rf7 32. Rxf7+ Qxf7 33. Qc3 Ng6
34. Qf6 Qxf6 35. Bxf6 Ne5 36. Be2 Kg6 37. Bd8 c6 38. Bc7 Nf7 39. dxc6 Bxc6 40.
b4 Kf6 41. b5 Bb7 42. Bb8 a6 43. Bc7 axb5 44. cxb5 d5 45. Bxb6 f4 46. a4 Nd6
47. Bd8+ Kg6 48. Bd3+ Kh5 49. a5 Bc8 50. a6 Nc4 51. Bf5 Bxf5 52. a7 Ne3 53.
a8=Q Nd1+ 54. Kg2 Ne3+ 55. Kg1 Bxh3 56. Bf6 Kh4 57. Qg8 Kg3 58. Qxg5+ Kxf3 59.
b6 Ng4 60. Qxd5+ Kg3 61. b7 Nxf6 62. Qg5+ Ng4 63. b8=Q 1-0

[Event "Pere Noel U1800"]
[Site "Montreal CAN"]
[Date "2022.12.27"]
[Round "1.26"]
[White "Berthiaume, Yves"]
[Black "Baran, Marius"]
[Result "0-1"]
[WhiteElo "1416"]
[BlackElo "1726"]
[PlyCount "142"]
[EventDate "2022.12.27"]
[EventType "swiss"]
[EventRounds "5"]
[EventCountry "CAN"]

1. d4 Nf6 2. Bf4 e6 3. Nf3 c5 4. e3 b6 5. c3 Bb7 6. Nbd2 Be7 7. Bd3 O-O 8. h3
cxd4 9. exd4 d6 10. Qe2 Nbd7 11. O-O Re8 12. Rfe1 Nf8 13. Bb5 N8d7 14. Qd3 a6
15. Ba4 Nd5 16. Bg3 b5 17. Bc2 Nf8 18. Rad1 Rc8 19. Nf1 Qc7 20. Ne3 Nxe3 21.
Rxe3 Bd5 22. Bb3 Bc4 23. Bxc4 Qxc4 24. Qxc4 Rxc4 25. Nd2 Rc6 26. Nf3 Rcc8 27.
Rde1 Red8 28. Bh4 Bxh4 29. Nxh4 b4 30. Rc1 d5 31. Nf3 Nd7 32. Ne5 Nxe5 33. Rxe5
Rc4 34. Re3 Rdc8 35. Rd3 a5 36. Kf1 Kf8 37. Ke2 a4 38. Kd2 Ke7 39. Rg3 g6 40.
Re3 Kd6 41. f4 h5 42. Rg3 Rb8 43. b3 axb3 44. axb3 bxc3+ 45. Rcxc3 Rxd4+ 46.
Rgd3 Rdb4 47. Kc2 Ra8 48. Kb2 Re4 49. Re3 Rxe3 50. Rxe3 Kc5 51. Rc3+ Kb6 52. h4
Ra7 53. Rc8 Rc7 54. Rd8 Kc5 55. Rb8 Kc6 56. Kc3 Rb7 57. Rc8+ Kb5 58. b4 Kb6 59.
Kb3 Kb5 60. Rc5+ Kb6 61. Rc8 Rd7 62. Rc1 f6 63. Re1 Re7 64. Kc3 e5 65. Kd3 Kb5
66. Re2 Kxb4 67. Rb2+ Kc5 68. Rc2+ Kd6 69. Re2 Ra7 70. fxe5+ fxe5 71. Rb2 Ra3+
0-1

[Event "Pere Noel U1800"]
[Site "Montreal CAN"]
[Date "2022.12.27"]
[Round "1.27"]
[White "Kozlov, Guennadi"]
[Black "Raduica, Gheorghe"]
[Result "1-0"]
[WhiteElo "1696"]
[BlackElo "1412"]
[PlyCount "73"]
[EventDate "2022.12.27"]
[EventType "swiss"]
[EventRounds "5"]
[EventCountry "CAN"]

1. e4 d6 2. d4 Nf6 3. Nc3 a6 4. Bd3 Nc6 5. Nge2 e5 6. d5 Nb4 7. Bc4 a5 8. a3
Na6 9. O-O Bg4 10. f3 Bd7 11. Be3 Be7 12. Qe1 c6 13. Bb3 c5 14. Ba4 Bxa4 15.
Nxa4 b5 16. Nac3 Nc7 17. Ng3 Qd7 18. Nf5 Bf8 19. Qg3 Rg8 20. Bg5 Nh5 21. Qg4 g6
22. Bh4 Ng7 23. Nh6 f5 24. Nxg8 fxg4 25. Nf6+ Ke7 26. Nxd7+ Kxd7 27. fxg4 Ke8
28. Rf3 Be7 29. Bxe7 Kxe7 30. Raf1 Nge8 31. Rf7+ Kd8 32. Rxh7 b4 33. Na4 Rb8
34. axb4 axb4 35. h4 c4 36. h5 gxh5 37. gxh5 1-0

[Event "Pere Noel U1800"]
[Site "Montreal CAN"]
[Date "2022.12.27"]
[Round "1.28"]
[White "Campeau, Eric"]
[Black "Brassard, Sylvain"]
[Result "0-1"]
[WhiteElo "1411"]
[BlackElo "1688"]
[PlyCount "86"]
[EventDate "2022.12.27"]
[EventType "swiss"]
[EventRounds "5"]
[EventCountry "CAN"]

1. e4 d5 2. exd5 Nf6 3. Bb5+ Bd7 4. Bxd7+ Qxd7 5. Nc3 Nxd5 6. Nxd5 Qxd5 7. Nf3
Qe4+ 8. Kf1 Nc6 9. d3 O-O-O 10. Qe2 Qd5 11. Bd2 f6 12. Qe4 Qd7 13. Ke2 e5 14.
Rhc1 f5 15. Qc4 e4 16. Ne1 b5 17. Qc3 Bb4 18. Qxb4 Nxb4 19. Bxb4 Rhe8 20. Kf1
f4 21. a4 f3 22. Bd2 fxg2+ 23. Kg1 Qf5 24. Nxg2 Re6 25. dxe4 Rxe4 26. Be3 Qf3
27. Ne1 Rg4+ 28. Kf1 Qh3+ 29. Ke2 Rg1 30. Nf3 Rxc1 31. Rxc1 Rf8 32. Nd4 Qh5+
33. Ke1 bxa4 34. Ra1 Qa5+ 35. c3 Re8 36. b4 Qa6 37. b5 Qa5 38. Ra3 Kd7 39. Kd2
a6 40. Nb3 Qxb5 41. Nc5+ Kc6 42. Nxa4 Re4 43. Nc5 Rxe3 0-1

[Event "Pere Noel U1800"]
[Site "Montreal CAN"]
[Date "2022.12.27"]
[Round "1.29"]
[White "Bardyn, Renaud"]
[Black "Amari, Mathias"]
[Result "1-0"]
[WhiteElo "1684"]
[BlackElo "1404"]
[PlyCount "79"]
[EventDate "2022.12.27"]
[EventType "swiss"]
[EventRounds "5"]
[EventCountry "CAN"]

1. e4 c6 2. d4 d5 3. e5 c5 4. c3 cxd4 5. cxd4 Nc6 6. Nc3 a6 7. h3 Bf5 8. a3 e6
9. Nf3 h5 10. Bd3 Nge7 11. Bg5 Bxd3 12. Qxd3 Qb6 13. Rb1 Nf5 14. Ne2 Be7 15.
Bxe7 Kxe7 16. O-O Qb5 17. Qd2 Rac8 18. Nh4 Nxh4 19. Qg5+ Kd7 20. Nc3 Nf3+ 21.
gxf3 Qd3 22. Qf4 Nxd4 23. Rbd1 Qg6+ 24. Kh2 Nf5 25. Nxd5 exd5 26. Rxd5+ Kc6 27.
Rfd1 Kb6 28. Rd6+ Nxd6 29. Rxd6+ Rc6 30. Rxg6 Rxg6 31. Qxf7 Rhh6 32. f4 Re6 33.
Qxg7 Rhg6 34. Qf7 Rc6 35. Qb3+ Ka7 36. Qe3+ Ka8 37. f5 Rg8 38. e6 Re8 39. e7
Rf6 40. Qe5 1-0

[Event "Pere Noel U1800"]
[Site "Montreal CAN"]
[Date "2022.12.27"]
[Round "1.30"]
[White "Mourad, Michel"]
[Black "Bedard, Michel"]
[Result "0-1"]
[WhiteElo "1384"]
[BlackElo "1651"]
[PlyCount "200"]
[EventDate "2022.12.27"]
[EventType "swiss"]
[EventRounds "5"]
[EventCountry "CAN"]

1. d4 d5 2. c4 c6 3. Nc3 Nf6 4. Bg5 Nbd7 5. e3 Qa5 6. Qd2 dxc4 7. Bxf6 Nxf6 8.
Bxc4 e6 9. Nge2 Bb4 10. O-O Ne4 11. Qc2 Nd6 12. Bd3 Qg5 13. Qa4 Bxc3 14. bxc3
Bd7 15. Qb4 Qe7 16. c4 b5 17. c5 Nb7 18. a4 a5 19. Qb2 b4 20. Nf4 f6 21. Qc2 f5
22. e4 O-O 23. e5 Nd8 24. Ne2 Be8 25. f4 Nf7 26. Qb3 Nh6 27. Ng3 Kh8 28. Bc4
Bd7 29. Rf3 Qf7 30. Nh1 Ng8 31. h3 Ne7 32. g4 Nd5 33. g5 Nc3 34. Nf2 Qh5 35.
Kg2 Rae8 36. Nd1 Ne4 37. Qd3 Qh4 38. Nf2 Nc3 39. Nd1 Nd5 40. Bxd5 cxd5 41. Ne3
h6 42. gxh6 gxh6 43. Kh2 Rg8 44. Ng2 Qh5 45. Rg3 Rxg3 46. Qxg3 Rg8 47. Qf2 Qe8
48. Qc2 Bc6 49. Ne1 Qg6 50. Qg2 Qh5 51. Qf3 Qe8 52. Nd3 Qa8 53. Qh5 Qf8 54. Nb2
Kh7 55. Rg1 Rxg1 56. Kxg1 Qg8+ 57. Kh2 Be8 58. Qe2 Bc6 59. Qa6 Qa8 60. Qb6 Kg6
61. Qc7 Be8 62. Qe7 Qc6 63. Qd8 Kh5 64. Qxa5 Qb7 65. Nd3 b3 66. Nb2 Qe7 67. Qc3
Qb7 68. a5 Qa6 69. Qd2 Bb5 70. Qd1+ Kg6 71. Qxb3 Qxa5 72. Qg3+ Kh7 73. Qe3 Qb4
74. Nd3 Qb1 75. Ne1 Qb2+ 76. Kg3 Qb1 77. Nf3 Qb2 78. Qd2 Qa3 79. Kf2 Be8 80.
Qe3 Qb2+ 81. Kg3 Bh5 82. Nd2 Qc1 83. Kf2 Qh1 84. Qg3 Qc1 85. Qd3 Be8 86. Ke3
Qg1+ 87. Ke2 Bh5+ 88. Nf3 Qg2+ 89. Ke1 Bxf3 90. c6 Qg1+ 91. Kd2 Qf2+ 92. Kc3
Be4 93. Qxe4 fxe4 94. c7 Qe3+ 95. Kb2 Qe2+ 96. Kc3 Qc4+ 97. Kd2 Qxc7 98. Ke3
Qc3+ 99. Ke2 Qxd4 100. Ke1 Qc3+ 0-1

[Event "Pere Noel U1800"]
[Site "Montreal CAN"]
[Date "2022.12.27"]
[Round "1.31"]
[White "Harper, Jonathan"]
[Black "Jodoin, Gabriel"]
[Result "1-0"]
[WhiteElo "1611"]
[BlackElo "1380"]
[PlyCount "113"]
[EventDate "2022.12.27"]
[EventType "swiss"]
[EventRounds "5"]
[EventCountry "CAN"]

1. e4 c5 2. Nf3 d6 3. d4 cxd4 4. Nxd4 a6 5. Nc3 g6 6. Be3 Bg7 7. Qd2 Nf6 8. f3
Nc6 9. O-O-O Nxd4 10. Bxd4 Be6 11. Nd5 Bxd5 12. exd5 Nh5 13. Bxg7 Nxg7 14. Qd4
O-O 15. g4 Rc8 16. h4 h5 17. Be2 Qc7 18. Rd2 Qc5 19. Qe4 Qa5 20. a3 Rc7 21. f4
f5 22. gxf5 Nxf5 23. Rg1 Kf7 24. Bxh5 gxh5 25. Qxf5+ Ke8 26. Qe6 Qb5 27. f5 Qd7
28. Rd4 Qxe6 29. fxe6 Rf2 30. Rg8+ Rf8 31. Rxf8+ Kxf8 32. Kd2 Kg7 33. c4 Kf6
34. Ke3 b5 35. cxb5 axb5 36. Rb4 Rc5 37. Ke4 Rc1 38. Rxb5 Rc4+ 39. Kf3 Rxh4 40.
b3 Rd4 41. Ke3 Ke5 42. Rb7 Kxd5 43. Rb5+ Kc6 44. Rxh5 Rd5 45. Rxd5 Kxd5 46. a4
Kxe6 47. Kd4 d5 48. Kc5 Ke5 49. a5 d4 50. Kc4 Ke4 51. a6 d3 52. a7 d2 53. a8=Q+
Ke3 54. Qd8 Ke2 55. Qxe7+ Kd1 56. Kc3 Kc1 57. Qe3 1-0

[Event "Pere Noel U1800"]
[Site "Montreal CAN"]
[Date "2022.12.27"]
[Round "1.32"]
[White "Guillemette, Thomas"]
[Black "Jutras, Arnaud"]
[Result "1-0"]
[WhiteElo "1374"]
[BlackElo "1545"]
[PlyCount "105"]
[EventDate "2022.12.27"]
[EventType "swiss"]
[EventRounds "5"]
[EventCountry "CAN"]

1. e4 c6 2. Nc3 d5 3. Nf3 Bg4 4. h3 Bxf3 5. Qxf3 e6 6. g3 Nf6 7. d3 Bb4 8. a3
Bxc3+ 9. bxc3 dxe4 10. dxe4 Qa5 11. Bb2 Qa4 12. Bd3 Nbd7 13. O-O Nc5 14. Rfe1
Rd8 15. Rad1 O-O 16. c4 Nfd7 17. Qg4 e5 18. f4 Nxd3 19. cxd3 Qb3 20. Qe2 Nc5
21. Bxe5 Nxd3 22. Bc7 Nxe1 23. Bxd8 Qxg3+ 24. Kf1 Nf3 25. Qf2 Nh2+ 26. Ke2 Qxh3
27. Rd3 Qh5+ 28. Kd2 Ng4 29. Qe2 Nf6 30. e5 Qxe2+ 31. Kxe2 Nd5 32. cxd5 Rxd8
33. d6 h5 34. f5 g6 35. e6 fxe6 36. fxe6 Kf8 37. e7+ Ke8 38. exd8=R+ Kxd8 39.
d7 g5 40. Kf3 c5 41. Rd5 b6 42. a4 c4 43. Rxg5 Kxd7 44. Rxh5 a6 45. Ke4 Kc6 46.
Kd4 b5 47. Rh6+ Kb7 48. axb5 axb5 49. Kc5 c3 50. Kxb5 c2 51. Rh7+ Kc8 52. Rh1
Kd7 53. Rc1 1-0

[Event "Pere Noel U1800"]
[Site "Montreal CAN"]
[Date "2022.12.27"]
[Round "1.33"]
[White "Tachijian, Mardig"]
[Black "Luksza, Patrik"]
[Result "1-0"]
[WhiteElo "1515"]
[BlackElo "1366"]
[PlyCount "119"]
[EventDate "2022.12.27"]
[EventType "swiss"]
[EventRounds "5"]
[EventCountry "CAN"]

1. e4 c6 2. d4 d5 3. e5 Bf5 4. h4 h5 5. Bd3 Bxd3 6. Qxd3 e6 7. Nf3 c5 8. c3 Nc6
9. Be3 Qb6 10. b3 Nh6 11. Bxh6 Rxh6 12. Nbd2 Rc8 13. Rc1 cxd4 14. cxd4 Ba3 15.
Rc2 Rh8 16. O-O Ke7 17. Qe3 g6 18. Nb1 Qb4 19. Nxa3 Qxa3 20. Rfc1 Kd7 21. Qf4
Qe7 22. Ng5 Rhf8 23. Nh7 Rh8 24. Nf6+ Kc7 25. Rc5 Kb8 26. Qd2 a6 27. b4 Na7 28.
a4 Rxc5 29. bxc5 Rc8 30. Rb1 Nc6 31. g3 Ka7 32. Nh7 a5 33. Ng5 Nb4 34. Qe2 Qe8
35. Qb5 Qxb5 36. axb5 b6 37. c6 Rc7 38. Kf1 Nc2 39. Nf3 Kb8 40. Ke2 Na3 41. Rb2
Nc4 42. Ra2 Ra7 43. Ra4 Kc7 44. Nd2 Nxd2 45. Kxd2 Ra8 46. Ke3 Rf8 47. Ra2 f6
48. Kf4 f5 49. Kg5 Kd8 50. Kxg6 Ke7 51. Kxh5 Rg8 52. c7 Kd7 53. Rc2 a4 54. Ra2
Ra8 55. Kg6 Kxc7 56. Kg7 Ra5 57. h5 Rxb5 58. h6 Rb1 59. Rxa4 b5 60. Ra2 1-0